000 01138nam a2200313Ia 4500
001 ebr10082067
003 CaPaEBR
006 m u
007 cr cn|||||||||
008 050119s2005 maua s 001 0 eng d
010 _z 2004091913
020 _z159200430X
040 _aCaPaEBR
_cCaPaEBR
035 _a(OCoLC)133165214
050 1 4 _aQA76.76.C672
_bE87 2005eb
082 0 4 _a794.8152
_222
100 1 _aEvry, Harry J.
245 1 0 _aBeginning game graphics
_h[electronic resource] /
_cHarry J. Evry.
260 _aBoston, Mass. :
_bThomson Course Technology PTR,
_cc2005.
300 _axvi, 379 p. :
_bill.
500 _aIncludes index.
533 _aElectronic reproduction.
_bPalo Alto, Calif. :
_cebrary,
_d2009.
_nAvailable via World Wide Web.
_nAccess may be limited to ebrary affiliated libraries.
650 0 _aComputer games
_xDesign.
650 0 _aComputer graphics.
650 0 _aVideo games
_xDesign.
655 7 _aElectronic books.
_2local
710 2 _aebrary, Inc.
856 4 0 _uhttp://site.ebrary.com/lib/rucke/Doc?id=10082067
_zAn electronic book accessible through the World Wide Web; click to view
999 _c55224
_d55224